Villes du Cher en images - Statistiques

Statistiques générales
  • Ce quiz a été pris 42 fois
    37 depuis la dernière actualisation
  • Le résultat moyen est 5 sur 18
Statistiques - réponses
Par images Hint Réponse % Correct
B Bourges
100%
V Vierzon
68%
S Sancerre
56%
A Avord
48%
S Saint-Amand-Montrond
36%
A Aubigny-sur-Nère
28%
T Trouy
24%
A Apremont-sur-Allier
20%
M Mehun-sur-Yèvre
16%
S Saint-Doulchard
16%
S Saint-Germain-du-Puy
16%
S Sancoins
12%
C Châteaumeillant
8%
D Dun-sur-Auron
8%
L La Chapelle-Saint-Ursin
8%
S Saint-Florent-sur-Cher
8%
M Menetou-Salon
4%
M Méraud
4%
Aucun quiz correspondant
Distribution des résultats
% des personnes avec chaque résultat
Percentile par nombre de réponses
Votre historique - résultats
Vous n’avez pas pris ce quiz depuis la dernière actualisation